000 00631cam a2200241 4500
001 J1903
008 090401t1927 xxu||||| |||| 00| 0 eng d
035 _a(Sirsi) u46126
041 _aeng
050 _a692.5
100 _aDavies, B Price
245 _aEstimating for buildings and public works ...
250 _a6th ed.
260 _aLondon
_bEducational Publishing Company Ltd.
_c1927
300 _a595p. ; 24cm.
350 _a0
490 _aBuilding Estimator Publications
520 _aDonated by Fred. C. Harris.
650 _aPUBLIC WORKS
690 _aBUILT ENVIRONMENT
942 _n0
948 _c04/03/1997
999 _c91871
_d91871